[Event "Eurasia Cup op"]
[Site "Ekaterinburg"]
[Date "2019.08.06"]
[Round "6"]
[White "Druzhinin, Nikita"]
[Black "Sargsyan, Alina"]
[Result "1-0"]
[WhiteElo "1734"]
[BlackElo "1298"]
[PlyCount "77"]
[EventDate "2019.07.31"]
[EventType "swiss"]
[EventRounds "9"]
[EventCountry "RUS"]
[SourceTitle "CBM 191 Extra"]
[Source "ChessBase"]
[SourceDate "2019.09.30"]
[SourceVersion "1"]
[SourceVersionDate "2019.09.30"]
[SourceQuality "1"]

1. e4 e6 2. Qe2 c6 3. Nf3 d5 4. d3 Nf6 5. g3 Be7 6. Bg2 Nbd7 7. 0-0 dxe4 8. dxe4 0-0 9. c4 h6 10. Nc3 b6 11. e5 Nh7 12. Nd4 Bb7 13. Nxc6 Bxc6 14. Bxc6 Rc8 15. Bb5 Qc7 16. Rd1 Nb8 17. Bf4 Rcd8 18. Rxd8 Rxd8 19. Rd1 Rxd1+ 20. Nxd1 Bg5 21. Bxg5 Nxg5 22. h4 Nh7 23. Nc3 Nc6 24. Bxc6 Qxc6 25. Qe4 Qd7 26. Nb5 a5 27. Nd6 Nf8 28. a3 Ng6 29. b4 axb4 30. axb4 Qa4 31. h5 Qd1+ 32. Kg2 Qxh5 33. f4 Qd1 34. b5 Qg4 35. Qe3 Qd1 36. Qxb6 Qb3 37. Qf2 Ne7 38. b6 Nc6 39. b7 1-0

[Event "Eurasia Cup op"]
[Site "Ekaterinburg"]
[Date "2019.08.05"]
[Round "5"]
[White "Krivonosov, Nikita"]
[Black "Druzhinin, Nikita"]
[Result "1/2-1/2"]
[WhiteElo "1602"]
[BlackElo "1734"]
[PlyCount "32"]
[EventDate "2019.07.31"]
[EventType "swiss"]
[EventRounds "9"]
[EventCountry "RUS"]
[SourceTitle "CBM 191 Extra"]
[Source "ChessBase"]
[SourceDate "2019.09.30"]
[SourceVersion "1"]
[SourceVersionDate "2019.09.30"]
[SourceQuality "1"]

1. d4 Nf6 2. c4 g6 3. Nc3 Bg7 4. e4 d6 5. h3 0-0 6. Be3 e6 7. d5 a5 8. Bd3 Na6 9. Nge2 Nd7 10. Qd2 Ndc5 11. Bb1 f5 12. Bg5 Bf6 13. Bh6 Bg7 14. exf5 exf5 15. Bxf5 Bxf5 16. Bxg7 Kxg7 1/2-1/2

[Event "RUS-ch Eurasia Cup op"]
[Site "Ekaterinburg"]
[Date "2018.08.09"]
[Round "8"]
[White "Pauli, Stanislav"]
[Black "Druzhinin, Nikita"]
[Result "1/2-1/2"]
[WhiteElo "1937"]
[BlackElo "1625"]
[PlyCount "81"]
[EventDate "2018.08.01"]
[EventType "swiss"]
[EventRounds "9"]
[EventCountry "RUS"]
[SourceTitle "CBM 185 Extra"]
[Source "ChessBase"]
[SourceDate "2018.07.29"]
[SourceVersion "1"]
[SourceVersionDate "2018.07.29"]
[SourceQuality "1"]

1. Nf3 Nf6 2. d4 g6 3. c4 Bg7 4. g3 c5 5. Bg2 cxd4 6. Nxd4 Nc6 7. Nxc6 bxc6 8. 0-0 0-0 9. Qc2 Qc7 10. Bf4 d6 11. c5 Nh5 12. cxd6 exd6 13. Bd2 Bf5 14. e4 Be6 15. Bc3 Rab8 16. Bxg7 Nxg7 17. Nd2 Qb6 18. b3 Rbc8 19. Rac1 d5 20. Qc5 Rfd8 21. exd5 cxd5 22. Qxb6 axb6 23. Nf3 h6 24. Nd4 Rc5 25. Nc6 Rd7 26. Nb4 Ne8 27. Rcd1 Nf6 28. Rd4 Rc8 29. Rfd1 Kg7 30. h3 Kh8 31. Kh2 Kg7 32. g4 Rd6 33. f4 Rcd8 34. Kg3 h5 35. Bf3 Bc8 36. g5 h4+ 37. Kg2 Nh5 38. Bxh5 gxh5 39. Kh2 Be6 40. Rc1 Kh7 41. Rcd1 1/2-1/2

[Event "RUS-ch Eurasia Cup op"]
[Site "Ekaterinburg"]
[Date "2018.08.07"]
[Round "6"]
[White "Chyndygyr, Tamerlan"]
[Black "Druzhinin, Nikita"]
[Result "1-0"]
[WhiteElo "1847"]
[BlackElo "1625"]
[PlyCount "55"]
[EventDate "2018.08.01"]
[EventType "swiss"]
[EventRounds "9"]
[EventCountry "RUS"]
[SourceTitle "CBM 185 Extra"]
[Source "ChessBase"]
[SourceDate "2018.07.29"]
[SourceVersion "1"]
[SourceVersionDate "2018.07.29"]
[SourceQuality "1"]

1. d4 Nf6 2. c4 g6 3. Nc3 Bg7 4. e4 d6 5. Be2 0-0 6. Bg5 Nbd7 7. Qd2 c5 8. d5 b5 9. cxb5 a6 10. Nf3 axb5 11. Bxb5 Ba6 12. Bxa6 Rxa6 13. 0-0 Ng4 14. Qe2 Rb6 15. Rab1 h6 16. Bh4 Qb8 17. Nd2 Ngf6 18. Nc4 Rb4 19. a3 Rxc4 20. Qxc4 Ne5 21. Qe2 Qb3 22. f4 Nc4 23. e5 Nd7 24. Bxe7 Re8 25. e6 Bd4+ 26. Kh1 Nde5 27. Bh4 fxe6 28. dxe6 1-0

[Event "RUS-ch Eurasia Cup op"]
[Site "Ekaterinburg"]
[Date "2018.08.06"]
[Round "5"]
[White "Druzhinin, Nikita"]
[Black "Lobovikov, Iaroslav"]
[Result "1-0"]
[WhiteElo "1625"]
[BlackElo "1336"]
[PlyCount "72"]
[EventDate "2018.08.01"]
[EventType "swiss"]
[EventRounds "9"]
[EventCountry "RUS"]
[SourceTitle "CBM 185 Extra"]
[Source "ChessBase"]
[SourceDate "2018.07.29"]
[SourceVersion "1"]
[SourceVersionDate "2018.07.29"]
[SourceQuality "1"]

1. d4 c5 2. d5 e5 3. e4 d6 4. Bb5+ Bd7 5. a4 a6 6. Be2 Bc8 7. Nf3 Bg4 8. Nfd2 Bxe2 9. Qxe2 Be7 10. Nc3 Bg5 11. Nc4 Bxc1 12. Rxc1 Qc7 13. Qg4 g6 14. f4 Nd7 15. fxe5 Nxe5 16. Nxe5 dxe5 17. 0-0 Ne7 18. Rf6 Rd8 19. Rd1 Rd6 20. Qg5 Qb6 21. Rdf1 c4+ 22. Kh1 Rxf6 23. Qxf6 Qxf6 24. Rxf6 0-0 25. Rb6 f5 26. b3 Nc8 27. Re6 fxe4 28. Nxe4 Rd8 29. a5 Kf7 30. Rxe5 h6 31. h4 Nd6 32. Nxd6+ Rxd6 33. Re4 Rxd5 34. Rxc4 Rb5 35. b4 Ke6 36. c3 Ke5 1-0

[Event "RUS-ch Eurasia Cup op"]
[Site "Ekaterinburg"]
[Date "2018.08.02"]
[Round "2"]
[White "Gusarov, Aleksey"]
[Black "Druzhinin, Nikita"]
[Result "1-0"]
[WhiteElo "2238"]
[BlackElo "1625"]
[PlyCount "49"]
[EventDate "2018.08.01"]
[EventType "swiss"]
[EventRounds "9"]
[EventCountry "RUS"]
[SourceTitle "CBM 185 Extra"]
[Source "ChessBase"]
[SourceDate "2018.07.29"]
[SourceVersion "1"]
[SourceVersionDate "2018.07.29"]
[SourceQuality "1"]

1. e4 c6 2. d4 d5 3. Nc3 g6 4. h4 Bg7 5. e5 h5 6. Bf4 Nh6 7. Qd2 Bg4 8. f3 Be6 9. 0-0-0 b5 10. Kb1 a5 11. Nh3 Bxh3 12. Rxh3 e6 13. g4 hxg4 14. fxg4 Nxg4 15. Qg2 Nh6 16. h5 Nf5 17. hxg6 Rxh3 18. gxf7+ Kxf7 19. Qxh3 Qh4 20. Qf3 Bh6 21. Bxh6 Qxh6 22. Bd3 Qg5 23. Rf1 Nd7 24. Bxf5 Qxf5 25. Qe2 1-0